[Event "Dokmus Internacional de Xadrez 2013"]
[Site "Recife"]
[Date "2013.01.17"]
[Round "1.1"]
[White "Milos, Gilberto"]
[Black "Araujo, Carlos Araripan Gome"]
[Result "1-0"]
[WhiteElo "2580"]
[BlackElo "1896"]
[PlyCount "75"]
[EventDate "2013.01.17"]

1. c4 c5 2. Nf3 Nf6 3. Nc3 Nc6 4. g3 e6 5. Bg2 Be7 6. O-O O-O 7. d4 d5 8. cxd5
exd5 9. Bg5 c4 10. Ne5 Be6 11. Nxc6 bxc6 12. b3 cxb3 13. axb3 Qd7 14. Na4 Bh3
15. Bxf6 Bxf6 16. Nc5 Qc8 17. Bxh3 Qxh3 18. e3 Qf5 19. Ra6 Rac8 20. Rxa7 h5 21.
Nd7 h4 22. Nxf8 Rxf8 23. Qe2 h3 24. Rfa1 g6 25. Ra8 Rxa8 26. Rxa8+ Kg7 27. Ra6
Qe6 28. Qf1 Qc8 29. Ra1 g5 30. Rc1 g4 31. Qd3 Qe6 32. Re1 Be7 33. e4 Bb4 34.
Re3 Qd7 35. exd5 cxd5 36. Re5 Be7 37. Qf5 Qa7 38. Qxg4+ 1-0

[Event "Dokmus Internacional de Xadrez 2013"]
[Site "Recife"]
[Date "2013.01.17"]
[Round "1.2"]
[White "Coelho, Ramyres Santana"]
[Black "Matsuura, Everaldo"]
[Result "0-1"]
[WhiteElo "1893"]
[BlackElo "2475"]
[PlyCount "82"]
[EventDate "2013.01.17"]

1. d4 Nf6 2. Nf3 g6 3. Bf4 Bg7 4. e3 O-O 5. h3 d6 6. Be2 Nfd7 7. O-O e5 8. Bh2
Nc6 9. c3 f5 10. Nbd2 Qe7 11. dxe5 dxe5 12. Nc4 Kh8 13. Qc2 e4 14. Nd4 Nce5 15.
Nxe5 Nxe5 16. Rad1 a6 17. b4 b6 18. b5 axb5 19. Bxb5 Bb7 20. Be2 Ra5 21. a4 Nd3
22. Bxd3 exd3 23. Qxd3 Rxa4 24. Rfe1 Ra5 25. Qc4 Rc5 26. Qb4 Re8 27. Rc1 Qe4
28. f3 Qd3 29. Bf4 h6 30. Red1 Qc4 31. Nb3 Qxb4 32. cxb4 Rxc1 33. Nxc1 Re7 34.
Kf2 g5 35. Bg3 Kh7 36. Ne2 Ba6 37. Nd4 f4 38. Bh2 fxe3+ 39. Ke1 c5 40. bxc5
bxc5 41. Ne2 Rb7 0-1

[Event "Dokmus Internacional de Xadrez 2013"]
[Site "Recife"]
[Date "2013.01.17"]
[Round "1.3"]
[White "Reis, Paulo F. Jatoba De O"]
[Black "Coelho, Ronielly Santana"]
[Result "1-0"]
[WhiteElo "2414"]
[BlackElo "1884"]
[PlyCount "47"]
[EventDate "2013.01.17"]

1. c4 Nf6 2. g3 g6 3. Bg2 Bg7 4. Nc3 O-O 5. e4 d6 6. Nge2 Nc6 7. O-O e5 8. d3
Nd7 9. Be3 Nd4 10. Qd2 Nc5 11. f4 Bg4 12. Rf2 Nce6 13. Raf1 Nxe2+ 14. Nxe2 Nd4
15. Nc3 exf4 16. Rxf4 Qd7 17. Rf6 Nf5 18. exf5 Bxf6 19. Nd5 Bh8 20. Bh6 Bxf5
21. Rxf5 Bd4+ 22. Be3 Bxe3+ 23. Qxe3 f6 24. Nxf6+ 1-0

[Event "Dokmus Internacional de Xadrez 2013"]
[Site "Recife"]
[Date "2013.01.17"]
[Round "1.4"]
[White "De Barros E Silva, Byron Veras"]
[Black "Macedo, Maximo Iack"]
[Result "0-1"]
[WhiteElo "1881"]
[BlackElo "2408"]
[PlyCount "118"]
[EventDate "2013.01.17"]

1. Nf3 d5 2. g3 Nf6 3. b3 c5 4. Bb2 Nc6 5. Bg2 d4 6. d3 e5 7. e4 h6 8. Nbd2 Bg4
9. h3 Be6 10. Nc4 Nd7 11. a4 Qf6 12. Bc1 g5 13. Nh2 Rg8 14. Bd2 O-O-O 15. Ng4
Qg6 16. f3 Be7 17. Qe2 Qg7 18. Nf2 h5 19. g4 Qh7 20. O-O-O h4 21. Kb2 b6 22.
Ra1 Kc7 23. Na3 a6 24. Ra2 Rb8 25. Rha1 b5 26. a5 Nb4 27. Bxb4 cxb4 28. Nb1
Rbc8 29. Kc1 Kb7 30. Kd1 Rc7 31. Nd2 Rgc8 32. Rc1 Qg7 33. Ke1 Qf6 34. Kf1 Qf4
35. Kg1 Ka8 36. Qd1 Nc5 37. Rb2 Nb7 38. Ra2 Rc3 39. Rb1 Bd8 40. Rbb2 Bxa5 41.
Qe2 R3c6 42. Nf1 Bd8 43. Qd2 Qxd2 44. Nxd2 Be7 45. Nd1 f6 46. Kf2 Ka7 47. Bf1
a5 48. Be2 Kb6 49. Ke1 a4 50. Ra1 a3 51. Rba2 Rxc2 52. Nf2 Rxa2 53. Rxa2 Rc3
54. Bd1 Nc5 55. Bc2 Nxb3 56. Bxb3 Bxb3 57. Ra1 Ba4 58. Ke2 b3 59. Nxb3 Bxb3 0-1

[Event "Dokmus Internacional de Xadrez 2013"]
[Site "Recife"]
[Date "2013.01.17"]
[Round "1.5"]
[White "Santiago, Yago De Moura"]
[Black "Lunelli, Neuri Antonio"]
[Result "1-0"]
[WhiteElo "2405"]
[BlackElo "1873"]
[PlyCount "81"]
[EventDate "2013.01.17"]

1. e4 c6 2. Nf3 d5 3. exd5 cxd5 4. Ne5 Nc6 5. Bb5 Bd7 6. Nxd7 Qxd7 7. O-O Nf6
8. d4 e6 9. c3 Bd6 10. Nd2 O-O 11. f4 Qc7 12. Qf3 Qb6 13. Bxc6 bxc6 14. Kh1 c5
15. dxc5 Bxc5 16. Nb3 Ne4 17. Nxc5 Qxc5 18. Be3 Qe7 19. c4 f5 20. cxd5 exd5 21.
Rad1 Rad8 22. Bd4 Rf7 23. a3 Qh4 24. Kg1 Rd6 25. g3 Rg6 26. Bf2 Rd7 27. Qb3 Qd8
28. Bd4 h5 29. Rf3 h4 30. Kg2 hxg3 31. hxg3 Qh4 32. Rh1 Qg4 33. Qb8+ Kf7 34.
Rh8 Re6 35. Qf8+ Kg6 36. Rh4 Qxf3+ 37. Kxf3 Nd2+ 38. Kf2 Ne4+ 39. Kg2 Nd6 40.
g4 Rf7 41. Qh8 1-0

[Event "Dokmus Internacional de Xadrez 2013"]
[Site "Recife"]
[Date "2013.01.17"]
[Round "1.6"]
[White "Azevedo, Eduardo Jose E De"]
[Black "Pereira, Silvio Cunha"]
[Result "0-1"]
[WhiteElo "1870"]
[BlackElo "2297"]
[PlyCount "96"]
[EventDate "2013.01.17"]

1. e4 e5 2. Nf3 Nc6 3. d4 exd4 4. Nxd4 Bc5 5. Nxc6 Qf6 6. Qf3 dxc6 7. Nc3 Be6
8. Be3 Bb4 9. Bd2 O-O-O 10. Be2 Qg6 11. Qg3 Nf6 12. Qxg6 hxg6 13. f3 Nd7 14.
O-O-O Ne5 15. a3 Be7 16. Bf4 f6 17. Rxd8+ Kxd8 18. h3 Bd6 19. Be3 g5 20. Rd1
Ke7 21. Bf1 Ng6 22. Ne2 c5 23. Nc3 a6 24. Na4 c4 25. Nc5 Bxc5 26. Bxc5+ Ke8 27.
Bf2 Ne5 28. Bg3 Ke7 29. Bxe5 fxe5 30. Be2 b5 31. c3 c5 32. Rf1 Rb8 33. Rd1 a5
34. Rd2 b4 35. cxb4 cxb4 36. axb4 axb4 37. Rc2 Rc8 38. Kd2 Kd6 39. Bf1 Kc5 40.
Be2 Kd4 41. Kc1 c3 42. bxc3+ Rxc3 43. Bd1 b3 44. Rxc3 Kxc3 45. Be2 b2+ 46. Kb1
Bb3 47. Bd3 Bd1 48. Ka2 Bc2 0-1

[Event "Dokmus Internacional de Xadrez 2013"]
[Site "Recife"]
[Date "2013.01.17"]
[Round "1.7"]
[White "Brito, Luismar"]
[Black "Soares, Paulo Gentil Regato"]
[Result "1-0"]
[WhiteElo "2292"]
[BlackElo "1854"]
[PlyCount "97"]
[EventDate "2013.01.17"]

1. Nc3 d5 2. e4 dxe4 3. Nxe4 Bd7 4. Bc4 e6 5. Nf3 Nf6 6. Qe2 Nxe4 7. Qxe4 Bc6
8. Qe2 Nd7 9. d4 Be7 10. O-O O-O 11. c3 a6 12. Re1 Bf6 13. Bf4 Re8 14. Rad1
Bxf3 15. Qxf3 c6 16. Qg3 Nf8 17. Be5 Ng6 18. Bb3 Bh4 19. Qh3 Be7 20. f4 Nxe5
21. fxe5 Rc8 22. Rf1 Bf8 23. Bc2 g6 24. Rxf7 Bg7 25. Rxb7 Rc7 26. Rxc7 Qxc7 27.
Bb3 Qe7 28. Rf1 c5 29. d5 exd5 30. Bxd5+ Kh8 31. e6 Qd6 32. Qf3 Rf8 33. Qe4
Rxf1+ 34. Kxf1 Bf8 35. g3 Be7 36. Ke2 Kg7 37. Bc4 a5 38. a4 Qb8 39. Bb5 Qd6 40.
Bc4 Kg8 41. Qd5 Qb8 42. Bb5 Kg7 43. Kd3 Qf8 44. Qe4 Kg8 45. Qf4 Qd8+ 46. Kc4
Kg7 47. Bd7 g5 48. Qf7+ Kh6 49. Qe8 1-0

[Event "Dokmus Internacional de Xadrez 2013"]
[Site "Recife"]
[Date "2013.01.17"]
[Round "1.9"]
[White "Soares, Alberto Manoel Colar"]
[Black "Dos Santos, Fabio Alexandre"]
[Result "1-0"]
[WhiteElo "2204"]
[BlackElo "1826"]
[PlyCount "123"]
[EventDate "2013.01.17"]

1. c4 Nf6 2. g3 e6 3. Nf3 d5 4. b3 Be7 5. Bb2 Nbd7 6. Bg2 O-O 7. O-O b6 8. d3
Bb7 9. Nbd2 c5 10. e3 Rc8 11. Qe2 Qc7 12. Rac1 Qb8 13. d4 Rfd8 14. Ne5 Nxe5 15.
dxe5 Nd7 16. f4 dxc4 17. Nxc4 Bxg2 18. Qxg2 b5 19. Na5 Qb6 20. Nb7 Rf8 21. Rfd1
Rc7 22. Nd6 Rd8 23. Ne4 Rcc8 24. g4 Nb8 25. f5 Rxd1+ 26. Rxd1 Rd8 27. Rf1 Nc6
28. f6 Bf8 29. fxg7 Bxg7 30. Nf6+ Bxf6 31. exf6 c4 32. Qh3 Qc5 33. Qh6 Qf8 34.
Qg5+ Kh8 35. Qxb5 Qd6 36. Qxc4 Rg8 37. Rf3 Ne5 38. Bxe5 Qxe5 39. Qf4 Qb2 40.
Rf2 Qc1+ 41. Kg2 Qd1 42. h3 Qd7 43. Qd4 Qc7 44. Qe4 Qc3 45. Qd4 Qc7 46. b4 Qb7+
47. Kh2 Qc7+ 48. Qf4 e5 49. Qe4 Rd8 50. Rc2 Qd6 51. g5 Qd1 52. Rf2 Qd7 53. h4
Qd6 54. Kg3 Rc8 55. Rg2 Rd8 56. Rf2 Rc8 57. h5 Rb8 58. a3 a6 59. g6 hxg6 60.
hxg6 Kg8 61. g7 Re8 62. Rh2 1-0

[Event "Dokmus Internacional de Xadrez 2013"]
[Site "Recife"]
[Date "2013.01.17"]
[Round "1.10"]
[White "Baltar, Petrov Ferreira"]
[Black "Da Silva, Alessandro Rodrigues"]
[Result "0-1"]
[WhiteElo "1821"]
[BlackElo "2198"]
[PlyCount "62"]
[EventDate "2013.01.17"]

1. Na3 d5 2. c4 c6 3. f4 e5 4. fxe5 dxc4 5. Nf3 Bg4 6. Nxc4 Bxf3 7. exf3 Bc5 8.
Qe2 Ne7 9. Ne3 O-O 10. f4 Na6 11. a3 Nc7 12. g3 Ne6 13. Bg2 Nd4 14. Qd1 Qc7 15.
O-O Rad8 16. Kh1 Nef5 17. Nxf5 Nxf5 18. Qg4 Nd4 19. b4 Bb6 20. Ra2 Qe7 21. Bb2
g6 22. Bc3 h5 23. Qd1 Qe6 24. Rb2 Nb5 25. Qb3 Qf5 26. a4 Nc7 27. b5 cxb5 28.
axb5 Rd3 29. Qc4 Qd7 30. Be4 Rxg3 31. hxg3 Qh3# 0-1

[Event "Dokmus Internacional de Xadrez 2013"]
[Site "Recife"]
[Date "2013.01.17"]
[Round "1.11"]
[White "Fernandez, Maria Florencia"]
[Black "Pereira Fo, Hildebrando Apolon"]
[Result "1-0"]
[WhiteElo "2188"]
[BlackElo "1816"]
[PlyCount "67"]
[EventDate "2013.01.17"]

1. d4 Nf6 2. c4 d5 3. Nc3 e6 4. Nf3 Be7 5. g4 Nc6 6. Rg1 b6 7. e3 Bb4 8. Bd2
Bxc3 9. Bxc3 Ne4 10. Qc2 Ng5 11. Nxg5 Qxg5 12. O-O-O Bb7 13. f4 Qe7 14. e4
O-O-O 15. cxd5 exd5 16. e5 g6 17. f5 a5 18. a3 Kb8 19. Kb1 Na7 20. Bd2 Qd7 21.
Bf4 Rc8 22. Rg3 Bc6 23. Rc3 Kb7 24. Rc1 Rhe8 25. Bd3 Bb5 26. e6 fxe6 27. Rxc7+
Rxc7 28. Qxc7+ Qxc7 29. Rxc7+ Ka6 30. Rxa7+ Kxa7 31. Bxb5 Re7 32. Bd6 Rf7 33.
fxe6 Rf6 34. e7 1-0

[Event "Dokmus Internacional de Xadrez 2013"]
[Site "Recife"]
[Date "2013.01.17"]
[Round "1.12"]
[White "De Paula, Luciano Alves"]
[Black "De Almeida Jr, Benone Lopes"]
[Result "0-1"]
[WhiteElo "1810"]
[BlackElo "2184"]
[PlyCount "112"]
[EventDate "2013.01.17"]

1. d4 Nf6 2. c4 g6 3. Nc3 Bg7 4. e4 d6 5. Nf3 O-O 6. Be2 c5 7. d5 b5 8. cxb5 a6
9. O-O axb5 10. Bxb5 Ba6 11. Bxa6 Nxa6 12. Bg5 Nd7 13. Qd2 Re8 14. Bh6 Bh8 15.
a3 Qb6 16. Rab1 Qb3 17. Qd1 Qxd1 18. Nxd1 Reb8 19. Bg5 Kf8 20. Bh6+ Ke8 21. b4
cxb4 22. axb4 Nxb4 23. Ng5 Nc5 24. Ne3 Nbd3 25. Rxb8+ Rxb8 26. Rd1 Rb3 27. Nc4
Bd4 28. Nd2 Rb2 29. Nh3 f6 30. Be3 Bxe3 31. fxe3 Rb4 32. Nf2 Nxf2 33. Kxf2
Nxe4+ 34. Nxe4 Rxe4 35. Kf3 f5 36. Ra1 Kf7 37. h3 h5 38. g3 g5 39. Ra3 Kf6 40.
Rd3 Ke5 41. Ra3 g4+ 42. hxg4 hxg4+ 43. Kf2 Kxd5 44. Ra7 Ke6 45. Ra6 Rc4 46. Ra2
Ke5 47. Ra5+ Ke4 48. Ra7 e5 49. Ra2 d5 50. Re2 Rc3 51. Re1 Rc2+ 52. Kf1 Kf3 53.
Rd1 Rh2 54. Kg1 Kxg3 55. Rxd5 Re2 56. Kf1 Rxe3 0-1

[Event "Dokmus Internacional de Xadrez 2013"]
[Site "Recife"]
[Date "2013.01.17"]
[Round "1.13"]
[White "Souza, Rafael Cabral De"]
[Black "Passos Coutinho, Eduardo"]
[Result "1-0"]
[WhiteElo "2166"]
[BlackElo "1809"]
[PlyCount "45"]
[EventDate "2013.01.17"]

1. e4 e5 2. Nf3 d6 3. Bc4 Be6 4. Bxe6 fxe6 5. d4 exd4 6. Nxd4 Qd7 7. O-O Nc6 8.
Nc3 O-O-O 9. Be3 Nxd4 10. Qxd4 c5 11. Qd2 Nf6 12. f3 Be7 13. Rfd1 d5 14. e5 d4
15. exf6 Bxf6 16. Qe2 Qc6 17. Nb5 Qa6 18. Bf2 d3 19. Rxd3 Rxd3 20. Qxd3 Rd8 21.
Qc4 Bd4 22. Bxd4 Rxd4 23. Qxc5+ 1-0

[Event "Dokmus Internacional de Xadrez 2013"]
[Site "Recife"]
[Date "2013.01.17"]
[Round "1.14"]
[White "Prisma, Zenil Da Costa"]
[Black "Lopes Fo, Jorge Antonio Ferrei"]
[Result "0-1"]
[WhiteElo "1803"]
[BlackElo "2156"]
[PlyCount "64"]
[EventDate "2013.01.17"]

1. d4 Nf6 2. c4 e6 3. Nc3 Bb4 4. Nf3 b6 5. e3 Bb7 6. Be2 O-O 7. O-O Bxc3 8.
bxc3 d6 9. a4 c5 10. Qc2 Nc6 11. Rd1 Qc7 12. d5 Na5 13. e4 exd5 14. exd5 Ba6
15. Bg5 Nd7 16. Bd3 h6 17. Bh7+ Kh8 18. Bf4 Nf6 19. Bd3 Bxc4 20. Bxc4 Nxc4 21.
Qf5 Qd7 22. Qc2 Nh5 23. Bc1 Rae8 24. Qd3 Qg4 25. h3 Qe4 26. Qf1 Nf4 27. Nd2
Ne2+ 28. Kh1 Qxd5 29. Nxc4 Qxc4 30. Be3 Rxe3 31. Kh2 Re6 32. Rd2 Qf4+ 0-1

[Event "Dokmus Internacional de Xadrez 2013"]
[Site "Recife"]
[Date "2013.01.17"]
[Round "1.15"]
[White "Pinto, Carlos Henrique Lope"]
[Black "Da Silva, Antonio Dutra"]
[Result "1-0"]
[WhiteElo "2123"]
[BlackElo "1754"]
[PlyCount "71"]
[EventDate "2013.01.17"]

1. d4 Nf6 2. c4 e6 3. a3 c5 4. d5 b5 5. Nc3 bxc4 6. e4 Bb7 7. Bxc4 Ba6 8. Bxa6
Nxa6 9. Nf3 exd5 10. e5 Ng8 11. Nxd5 Nc7 12. Bg5 Ne7 13. Nc3 Ne6 14. Ne4 d5 15.
Qa4+ Qd7 16. Nd6+ Kd8 17. Nxf7+ Ke8 18. Qxd7+ Kxd7 19. Nxh8 Ke8 20. Rd1 d4 21.
O-O Rb8 22. b4 cxb4 23. axb4 Rxb4 24. Rb1 Nd5 25. Bd2 Nc3 26. Ra1 Bc5 27. Ra6
Nc7 28. Rc6 Bb6 29. Bxc3 dxc3 30. Rxc3 Kf8 31. h3 g6 32. Rd1 Ba5 33. Rd7 Rb1+
34. Kh2 Bxc3 35. Rxc7 Rc1 36. Rxa7 1-0

[Event "Dokmus Internacional de Xadrez 2013"]
[Site "Recife"]
[Date "2013.01.17"]
[Round "1.16"]
[White "Monte, Edmar Ferreira"]
[Black "Maia, Jose Eduardo Bastos"]
[Result "0-1"]
[WhiteElo "1734"]
[BlackElo "2117"]
[PlyCount "72"]
[EventDate "2013.01.17"]

1. c4 e5 2. Nc3 f5 3. d3 Nf6 4. g3 g6 5. Bg2 Bg7 6. Nf3 Nc6 7. O-O O-O 8. Nd5
Nxd5 9. cxd5 Ne7 10. e4 h6 11. Qb3 Kh7 12. Bd2 d6 13. Rac1 c5 14. Bc3 g5 15. h4
g4 16. Nd2 f4 17. gxf4 exf4 18. Bxg7 Kxg7 19. f3 g3 20. Qc3+ Kh7 21. d4 Nxd5
22. exd5 Qxh4 23. Rfe1 Qh2+ 24. Kf1 Bh3 25. Re7+ Kg6 26. Re6+ Kh5 27. Ke2 Qxg2+
28. Kd1 Bxe6 29. dxe6 Qg1+ 30. Kc2 Qxd4 31. Rh1+ Kg6 32. Ne4 Qxc3+ 33. Kxc3
Rae8 34. Nxd6 Rxe6 35. Ne4 Rxe4 36. fxe4 g2 0-1

[Event "Dokmus Internacional de Xadrez 2013"]
[Site "Recife"]
[Date "2013.01.17"]
[Round "1.17"]
[White "Araujo, Sergio Murilo"]
[Black "Ferreira, Alexander"]
[Result "1-0"]
[WhiteElo "2115"]
[BlackElo "1728"]
[PlyCount "61"]
[EventDate "2013.01.17"]

1. c4 c5 2. Nc3 e5 3. Nf3 Nc6 4. e3 Nf6 5. d4 e4 6. Ng5 cxd4 7. exd4 Bb4 8. d5
Bxc3+ 9. bxc3 Nb8 10. Qc2 O-O 11. Be2 Re8 12. Nh3 d6 13. Nf4 g5 14. Nh3 h6 15.
Be3 b6 16. Bd4 Bxh3 17. gxh3 Nbd7 18. h4 g4 19. Qd2 Kh7 20. Qf4 Ne5 21. O-O-O
h5 22. h3 Rg8 23. hxg4 hxg4 24. Rhg1 Kg7 25. Bxg4 Nd3+ 26. Rxd3 exd3 27. Qg5+
Kf8 28. Qh6+ Ke8 29. Re1+ Qe7 30. Rxe7+ Kxe7 31. Bxf6+ 1-0

[Event "Dokmus Internacional de Xadrez 2013"]
[Site "Recife"]
[Date "2013.01.17"]
[Round "1.18"]
[White "Cavalcanti, Phillipe Andre C"]
[Black "De Moura, Sergio Jovelino"]
[Result "0-1"]
[WhiteElo "1725"]
[BlackElo "2110"]
[PlyCount "63"]
[EventDate "2013.01.17"]

1. Nf3 c5 2. c4 Nf6 3. g3 g6 4. Bg2 Bg7 5. O-O Nc6 6. Nc3 Rb8 7. d3 a6 8. Bf4
d6 9. Ng5 h6 10. Nge4 Nxe4 11. Nxe4 O-O 12. Rb1 f5 13. Nc3 Bd7 14. a4 Nb4 15.
Bd2 e6 16. b3 Bc6 17. Qc1 Kh7 18. Nd1 Bxg2 19. Kxg2 Nc6 20. Bc3 Nd4 21. Qb2 e5
22. Ne3 Ne6 23. Nd5 f4 24. Kh1 f3 25. exf3 Rxf3 26. Rbd1 Qg5 27. Qd2 Qh5 28.
Rde1 Rbf8 29. Re3 Qh3 30. Qe2 Ng5 31. Be1 Rxe3 32. Nxe3 0-1

[Event "Dokmus Internacional de Xadrez 2013"]
[Site "Recife"]
[Date "2013.01.17"]
[Round "1.19"]
[White "Galindo, Tome H. Brasil Torre"]
[Black "Leite, Joao Carlos Zirpoli"]
[Result "1-0"]
[WhiteElo "2108"]
[BlackElo "1724"]
[PlyCount "38"]
[EventDate "2013.01.17"]

1. d4 Nf6 2. Nf3 b6 3. g3 Bb7 4. Bg2 e6 5. O-O Be7 6. c4 c5 7. d5 exd5 8. Nh4
Ne4 9. Nf5 O-O 10. cxd5 Nd6 11. Nxe7+ Qxe7 12. Nc3 Na6 13. e4 f5 14. exf5 Rxf5
15. f4 Nc7 16. g4 Rff8 17. f5 Rfe8 18. Bf4 Ncb5 19. Nxb5 Nxb5 1-0

[Event "Dokmus Internacional de Xadrez 2013"]
[Site "Recife"]
[Date "2013.01.17"]
[Round "1.20"]
[White "Cunha, Jose Manoel Vercosa"]
[Black "Zallio, Luciano De Souza"]
[Result "0-1"]
[WhiteElo "1712"]
[BlackElo "2102"]
[PlyCount "50"]
[EventDate "2013.01.17"]

1. d4 e6 2. c4 Nf6 3. Nc3 Bb4 4. Bd2 O-O 5. Nf3 b6 6. e3 Bb7 7. a3 Be7 8. Be2
Ne4 9. Bc1 c5 10. d5 Nxc3 11. bxc3 f5 12. O-O Bf6 13. Bb2 e5 14. Ne1 e4 15. f4
exf3 16. Bxf3 d6 17. Nc2 Nd7 18. Be2 Be5 19. Ne1 Qe7 20. Nd3 Rae8 21. Qd2 Qh4
22. g3 Bxg3 23. hxg3 Qxg3+ 24. Kh1 Rf6 25. e4 Qh3+ 0-1

[Event "Dokmus Internacional de Xadrez 2013"]
[Site "Recife"]
[Date "2013.01.17"]
[Round "1.21"]
[White "De Lima, Carlos Alexandre"]
[Black "Arimateia, Ary Amaral"]
[Result "1-0"]
[WhiteElo "2101"]
[BlackElo "1703"]
[PlyCount "43"]
[EventDate "2013.01.17"]

1. e4 e5 2. f4 f6 3. fxe5 fxe5 4. Qh5+ Ke7 5. Qxe5+ Kf7 6. Bc4+ d5 7. Bxd5+ Kg6
8. Nf3 Bd6 9. Qc3 c6 10. Bb3 Qe7 11. O-O Be6 12. e5 Bb4 13. Qd3+ Bf5 14. Nh4+
Qxh4 15. Qxf5+ Kh6 16. d4+ g5 17. Qe6+ Kh5 18. Qf7+ Kh6 19. Rf6+ Nxf6 20. Qxf6+
Kh5 21. Bf7+ Kg4 22. Qf3# 1-0

[Event "Dokmus Internacional de Xadrez 2013"]
[Site "Recife"]
[Date "2013.01.17"]
[Round "1.22"]
[White "Dias, Klebber Maux"]
[Black "Cardoso, Almir Correia"]
[Result "0-1"]
[WhiteElo "1693"]
[BlackElo "2094"]
[PlyCount "110"]
[EventDate "2013.01.17"]

1. Nf3 Nf6 2. d4 g6 3. c4 Bg7 4. Nc3 d5 5. cxd5 Nxd5 6. e4 Nxc3 7. bxc3 O-O 8.
Be2 c5 9. Be3 Nc6 10. Rc1 Bg4 11. d5 Bxf3 12. gxf3 Ne5 13. Bxc5 Bh6 14. Rc2 Qc7
15. Ba3 Rad8 16. c4 Qa5+ 17. Kf1 Qxa3 18. Kg2 Rc8 19. Qd4 Bg7 20. Qe3 Qxe3 21.
fxe3 Rc5 22. f4 Nd7 23. e5 b5 24. Rhc1 bxc4 25. Bxc4 Rfc8 26. Bb3 Rxc2+ 27.
Rxc2 Rxc2+ 28. Bxc2 f6 29. e6 Nc5 30. e4 Kf8 31. Kf3 Ke8 32. Ke3 Kd8 33. Kd4
Nb7 34. h4 Kc7 35. e5 fxe5+ 36. fxe5 Nd6 37. Bd3 Nf5+ 38. Ke4 Nxh4 39. Bb5 g5
40. d6+ Kd8 41. Bd3 Ng6 42. d7 Nxe5 43. Be2 Bf6 44. Bh5 Kc7 45. Kf5 Nc6 46. Bg4
Nb4 47. a4 Nd5 48. Bf3 Nc3 49. a5 Nb5 50. Bg2 Nd4+ 51. Ke4 Nxe6 52. Bh3 Nc5+
53. Kd5 Nxd7 54. Ke6 Ne5 55. Kf5 Nc6 0-1

[Event "Dokmus Internacional de Xadrez 2013"]
[Site "Recife"]
[Date "2013.01.17"]
[Round "1.23"]
[White "Fiaes, Mario Henrique Andra"]
[Black "Barbosa, Bruno Master Monteir"]
[Result "1-0"]
[WhiteElo "2078"]
[BlackElo "1686"]
[PlyCount "75"]
[EventDate "2013.01.17"]

1. e4 c5 2. Nf3 d6 3. d4 cxd4 4. Nxd4 Nf6 5. Nc3 g6 6. Bc4 a6 7. Bb3 b5 8. f3
Bb7 9. Be3 Bg7 10. Qd2 h5 11. O-O-O Qc7 12. Rhe1 Nbd7 13. Nde2 Ne5 14. Nf4 Nc4
15. Bxc4 Qxc4 16. Kb1 Rc8 17. Ncd5 Nxd5 18. Nxd5 Bxd5 19. exd5 b4 20. Bg5 Rc7
21. Re4 Qc5 22. Be3 Qb5 23. Rxb4 Qd7 24. Bd4 f6 25. Qd3 Kf7 26. Qxa6 Qf5 27.
Qe2 Rhc8 28. Bc3 Bh6 29. g4 hxg4 30. fxg4 Qd7 31. Re1 Kg7 32. h4 Kh7 33. g5 Bg7
34. h5 f5 35. hxg6+ Kxg6 36. Bxg7 Kxg7 37. Rh1 Rxc2 38. Qh5 1-0

[Event "Dokmus Internacional de Xadrez 2013"]
[Site "Recife"]
[Date "2013.01.17"]
[Round "1.24"]
[White "Caio, Francisco Ferreira S"]
[Black "Moura, Paulo Jorge Alves B"]
[Result "0-1"]
[WhiteElo "1667"]
[BlackElo "2068"]
[PlyCount "70"]
[EventDate "2013.01.17"]

1. e4 e5 2. Nf3 Nc6 3. Bb5 d6 4. d4 exd4 5. Nxd4 Bd7 6. Nc3 Ne5 7. Be2 Nf6 8.
O-O Be7 9. f4 Nc6 10. Be3 a6 11. a4 h6 12. Kh1 Rb8 13. Nf3 Ng4 14. Bg1 Nf6 15.
Qd2 Bg4 16. Bd3 Be6 17. f5 Bc8 18. Rfe1 O-O 19. Rad1 Ng4 20. Nd5 Bf6 21. Nxf6+
Qxf6 22. c3 Bd7 23. b4 Nce5 24. h3 Nxf3 25. gxf3 Ne5 26. Bd4 Bxa4 27. Bxe5 Qxe5
28. f4 Qf6 29. Ra1 Bc6 30. Kh2 Rfe8 31. e5 dxe5 32. Rg1 exf4 33. Rxg7+ Kxg7 34.
Rg1+ Kh8 35. Qd1 f3 0-1

[Event "Dokmus Internacional de Xadrez 2013"]
[Site "Recife"]
[Date "2013.01.17"]
[Round "1.25"]
[White "Macedo, Maximo Valerio"]
[Black "Schucman, Rebeca Lot"]
[Result "1/2-1/2"]
[WhiteElo "2063"]
[BlackElo "1633"]
[PlyCount "98"]
[EventDate "2013.01.17"]

1. e4 c5 2. Nf3 g6 3. d3 Bg7 4. g3 Nc6 5. Bg2 d6 6. O-O e6 7. Nc3 Nd4 8. Be3
Ne7 9. Qd2 O-O 10. Nd1 d5 11. c3 Nxf3+ 12. Bxf3 d4 13. cxd4 cxd4 14. Bh6 e5 15.
Bg2 Nc6 16. Bxg7 Kxg7 17. f4 Qd6 18. Rc1 Bd7 19. Nf2 Rac8 20. Bh3 Bxh3 21. Nxh3
f5 22. fxe5 Qxe5 23. exf5 Rxf5 24. Nf4 Qe3+ 25. Qxe3 dxe3 26. d4 Re8 27. d5 e2
28. Nxe2 Rxd5 29. Nf4 Rd2 30. Rf2 Rd7 31. Kg2 Nb4 32. a3 g5 33. Nh5+ Kg6 34. g4
Nd5 35. Rcf1 Rd6 36. Kg3 Re3+ 37. Rf3 Rxf3+ 38. Rxf3 Re6 39. Kf2 Nf6 40. Nxf6
Rxf6 41. Ke2 Rc6 42. Kd2 Rf6 43. Ke2 Rxf3 44. Kxf3 Kf6 45. Ke4 Ke6 46. b3 b5
47. Kd4 Kd6 48. b4 a6 49. Ke4 Ke6 1/2-1/2

[Event "Dokmus Internacional de Xadrez 2013"]
[Site "Recife"]
[Date "2013.01.17"]
[Round "1.26"]
[White "Costa, Edvaldo Da Cruz"]
[Black "Azevedo Junior, Jose Ferreira"]
[Result "0-1"]
[WhiteElo "1568"]
[BlackElo "2062"]
[PlyCount "104"]
[EventDate "2013.01.17"]

1. e4 c5 2. Nf3 d6 3. Nc3 Nc6 4. Bb5 Bd7 5. a3 e6 6. d4 cxd4 7. Nxd4 Nf6 8. Bg5
Be7 9. Qd2 h6 10. Bh4 Qb6 11. O-O-O a6 12. Na4 Qxd4 13. Qxd4 Nxd4 14. Bxd7+
Nxd7 15. Bxe7 Nb3+ 16. cxb3 Kxe7 17. Rd2 b5 18. Nc3 Nc5 19. Kc2 Rhc8 20. f3 Rc6
21. b4 Na4 22. Rhd1 Rac8 23. Rd3 g6 24. Kb3 Nb6 25. f4 Nc4 26. Rh3 h5 27. Re1
Rb8 28. f5 Ne5 29. fxg6 fxg6 30. g4 Nxg4 31. Nd5+ Kd7 32. Nf4 Rg8 33. Rf1 Ke7
34. Rg3 Rcc8 35. Nd3 Nxh2 36. Rfg1 Ng4 37. Re1 e5 38. a4 g5 39. axb5 axb5 40.
Nc1 Nf6 41. Na2 g4 42. Nc3 h4 43. Rgg1 g3 44. Nxb5 h3 45. Na7 Rc7 46. Nb5 Rb7
47. Nc3 g2 48. Nd1 h2 49. Ne3 hxg1=Q 50. Rxg1 Rg3 51. Rxg2 Rxe3+ 52. Kc2 Rxb4
0-1

[Event "Dokmus Internacional de Xadrez 2013"]
[Site "Recife"]
[Date "2013.01.17"]
[Round "1.27"]
[White "Rosa, Jose Antonio"]
[Black "Alves, Sidney David"]
[Result "1-0"]
[WhiteElo "2058"]
[BlackElo "1501"]
[PlyCount "55"]
[EventDate "2013.01.17"]

1. e4 c6 2. Nc3 d5 3. Qf3 dxe4 4. Nxe4 e6 5. d4 Be7 6. Bd3 Nd7 7. Qg3 g6 8. h4
Ngf6 9. h5 Nxe4 10. Bxe4 Nf6 11. Bf3 Qxd4 12. c3 Qb6 13. hxg6 fxg6 14. Ne2 c5
15. a4 Qa6 16. Nf4 Bd6 17. Qg5 Be7 18. Nxg6 Rg8 19. Rxh7 Qd6 20. Bh5 Kd8 21.
Rh8 Rxh8 22. Nxh8 Kd7 23. Nf7 Qc7 24. Ne5+ Kd8 25. Bf4 Qb6 26. O-O-O+ Bd7 27.
Nxd7 Nxd7 28. Qg8+ 1-0

[Event "Dokmus Internacional de Xadrez 2013"]
[Site "Recife"]
[Date "2013.01.17"]
[Round "1.28"]
[White "Paiva, Paulo Ricardo Goncal"]
[Black "Heinrichs, Vivian"]
[Result "0-1"]
[WhiteElo "1468"]
[BlackElo "1984"]
[PlyCount "82"]
[EventDate "2013.01.17"]

1. e4 c5 2. Nf3 e6 3. d4 cxd4 4. Nxd4 a6 5. Be2 Nf6 6. Nc3 Qc7 7. O-O d6 8. f4
Nbd7 9. f5 e5 10. Nb3 b5 11. a3 Bb7 12. Bf3 Be7 13. Be3 Nb6 14. Bxb6 Qxb6+ 15.
Kh1 O-O 16. Nc1 Rac8 17. Nd3 a5 18. Qd2 Bc6 19. b4 a4 20. g4 Qb7 21. Nf2 Nd7
22. Rfd1 Nb6 23. Be2 Rfd8 24. Bxb5 Bxb5 25. Nxb5 d5 26. Qe1 d4 27. Rac1 Nc4 28.
Nxd4 exd4 29. c3 Bg5 30. Rxd4 Bxc1 31. Qxc1 Ne5 32. Rxd8+ Rxd8 33. Qg5 Rd1+ 34.
Kg2 Rg1+ 35. Kh3 Qc7 36. Qe3 Qc4 37. Kh4 Rg2 38. Qf4 Qf1 39. Qxe5 Qxf2+ 40. Kh3
Qf3+ 41. Kh4 Qxg4# 0-1